Language Quiz

Random Language or Country Quiz

Country Names in Other Languages Quiz Stats

 Plays Quiz Updated Jul 2, 2018

Challenge
Share
Tweet
Embed
Score 0/197 Timer 20:00
2 Plays Today
Name in other language Name in English % Correct
IraquiaIraq
78.1%
RuoššaRussia
78%
PearuPeru
77.6%
NeipealNepal
77.6%
Swii LankʼaSri Lanka
77.5%
ItåleyeItaly
77.3%
PôrtogalyPortugal
77.3%
BoliveyeBolivia
77%
ZimbabbuiZimbabwe
76.3%
IrãoIran
76.3%
MakedooniaMacedonia
76.2%
NijeriNigeria
76.1%
SomaaljeSomalia
76%
EtjopjaEthiopia
75.8%
Uni Emirat ArabUnited Arab Emirates
75.8%
FenezuëlaVenezuela
75.8%
BarbadeBarbados
75.6%
UrugwajUruguay
75.5%
EndonèsieIndonesia
75.3%
AlbaanjeAlbania
75.2%
YugandhaUganda
75.2%
OekraïneUkraine
75.2%
AwstralskaAustralia
74.9%
KeňaKenya
74.9%
LwcsembwrgLuxembourg
74.9%
ÜzbegisztánUzbekistan
74.7%
Stadoù-Unanet AmerikaUnited States of America
74.6%
Ripùbbrica dû ConguRepublic of the Congo
74.5%
BotzhuanaBotswana
74.4%
İzlandaIceland
74.4%
MuntenegruMontenegro
74.4%
BiyetnamVietnam
74.4%
SlowenienSlovenia
74.3%
AlžeeriaAlgeria
74.3%
KamẹrúùnCameroon
74%
ParagvajusParaguay
73.7%
TansaaniaTanzania
73.7%
Papwa Gini NewyddPapua New Guinea
73.7%
An AirgintínArgentina
73.4%
TunezjaTunisia
73.4%
LiibüaLibya
73.3%
Gkána (Γκάνα)Ghana
73.2%
Trynses ha TobagoTrinidad and Tobago
73.2%
DuitslandGermany
73.2%
Mozamvíki (Μοζαμβίκη)Mozambique
72.9%
Kongoko Errepublika DemokratikoaDemocratic Republic of the Congo
72.9%
YsraýylIsrael
72.7%
SoedaanSudan
72.6%
KòssuvuKosovo
72.5%
GresyaGreece
72.3%
GiamaicaJamaica
72.3%
SamowaaSamoa
72.2%
Dominikaaninen tasavaltaDominican Republic
72.2%
FinnországFinland
72.1%
Nikaragva (Никарагва)Nicaragua
72.1%
Səudiyyə ƏrəbistanıSaudi Arabia
71.9%
Coreea de NordNorth Korea
71.7%
Senegaru (セネガル)Senegal
71.7%
Saut AprikaSouth Africa
71.2%
An BhrasaílBrazil
71.1%
SuïssaSwitzerland
71%
PolognePoland
70.7%
Livería (Λιβερία)Liberia
70.7%
SùrìnámùSuriname
70.6%
SuazilandiaeSwatini
70.5%
KolůmbijoColombia
70.3%
Name in other language Name in English % Correct
NgolaAngola
70.2%
SalbadoorEl Salvador
70.1%
Maleziya (מלזיה)Malaysia
70.1%
NamybjeNamibia
70%
EslovaquiaSlovakia
69.9%
Sigkapúri (Σιγκαπούρη)Singapore
69.7%
SuèdeSweden
69.6%
AzerbaidžānaAzerbaijan
69.5%
Buirciona FasoBurkina Faso
69.1%
BahamakThe Bahamas
69.1%
AndówaAndorra
69.1%
HindistanIndia
69%
MaleeMali
69%
SeripiaSerbia
69%
NíxerNiger
68.5%
Mikuroneshia (ミクロネシア)Federated States of Micronesia
68.4%
Yn PhanamaaPanama
68.4%
Zentralafrikanesch RepublikCentral African Republic
68.4%
MoldavskoMoldova
68.3%
TörkiäTurkey
68.2%
SirjaSyria
67.8%
AitíHaiti
67.7%
KrowasyaCroatia
67.7%
Honjurasu (ホンジュラス)Honduras
67.6%
BurundeeBurundi
67.5%
BelîsBelize
67.4%
QabonGabon
67.2%
GrenaydGrenada
67.1%
BhoetaanBhutan
67.1%
KostarykaCosta Rica
67%
XinaChina
66.9%
PaquistãoPakistan
66.8%
Lǎowō (老挝)Laos
66.6%
TurcmeniaTurkmenistan
66.3%
UmmanOman
66.2%
IordaniaJordan
66.1%
BèljikBelgium
65.9%
JeemenYemen
65.9%
LixtenşteynLiechtenstein
65.7%
Ekvatorialna Gvineya (Екваториална Гвинея)Equatorial Guinea
65.5%
Lesota (Лесота)Lesotho
65.5%
Bāṃglādeš (બાંગ્લાદેશ)Bangladesh
65.2%
Busna-HirsiquwinaBosnia and Herzegovina
65.2%
TayikistánTajikistan
65.1%
KembojaCambodia
64.9%
MaddajaßkaMadagascar
64.9%
ØstrigAustria
64.7%
BareinBahrain
64.5%
GibutiDjibouti
64.3%
MarruecosMorocco
64.2%
ErmenijaArmenia
63.5%
GéémbiyaThe Gambia
63.5%
TogumTogo
63.2%
XapónJapan
63.1%
Ungarija (Унгарија)Hungary
62.9%
Respublica CoreanaSouth Korea
62.9%
Mouritani (موريتاني)Mauritania
62.9%
MalahuiMalawi
62.8%
XeorxiaGeorgia
62.5%
SaambiyaZambia
62.3%
Zhìlì (智利)Chile
61.6%
FələstinPalestine
60.8%
Antigwa ak BaboudaAntigua and Barbuda
60.5%
ÉrythréeEritrea
60.5%
Wyspy MarshallaMarshall Islands
60.4%
CiwbaCuba
59.7%
Name in other language Name in English % Correct
BwoonéíBrunei
59.1%
Daniya (Дания)Denmark
58.5%
MehikaMexico
58.1%
StorbritannienUnited Kingdom
57.6%
TajlandjaThailand
57.5%
ErrumaniaRomania
57.2%
Tayvan (Тайван)Taiwan
57.1%
NorraNorway
56.9%
MelitaMalta
56.5%
FrenkistanFrance
56%
MalediivitMaldives
55.8%
Avghaneti (ავღანეთი)Afghanistan
55.7%
Uanuatu (Уануату)Vanuatu
55.7%
Saint-Christophe-et-NiévèsSt Kitts and Nevis
55.6%
RooandeyRwanda
55.3%
MónegueMonaco
54.9%
NiðurlöndThe Netherlands
54.3%
Yegiptos (Եգիպտոս)Egypt
54.1%
CuauhtēmallānGuatemala
53.5%
al-Ikwādūr (الإكوادور)Ecuador
53.4%
TunqaTonga
53.3%
Litva (Литва)Lithuania
53.2%
Sierarion (시에라리온)Sierra Leone
53.2%
EysturtimorEast Timor
52.5%
Ágios Vikéntios kai Grenadínes (Άγιος Βικέντιος και Γρεναδίνες)St Vincent and the Grenadines
52.3%
Bê-nanhBenin
52.3%
KuveitasKuwait
52.3%
Gvineja (Гвинеја)Guinea
52.1%
Salomonovi otokiSolomon Islands
51.9%
Sudania AustralisSouth Sudan
51.6%
GianaGuyana
51.1%
Ghrghstan (Ղրղստան)Kyrgyzstan
51%
TʼoobáálooTuvalu
50.9%
SbaenSpain
50.8%
CazaquistãoKazakhstan
50.4%
PaláPalau
50.4%
NaarooNauru
50.3%
Kinibisau (기니비사우)Guinea-Bissau
49.5%
KiribèsKiribati
49.3%
TsjaadChad
49.2%
WatykanVatican City
48.8%
LetòniaLatvia
48.6%
Saint-MarinSan Marino
48.4%
LibaniLebanon
48.4%
Svatý Tomáš a Princův ostroSão Tomé and Príncipe
48%
BulharskoBulgaria
48%
SentlūsijaSt Lucia
46.6%
TsjekkiaCzechia
46.4%
FidschiFiji
45.9%
KomooridComoros
44.2%
TuminikkaDominica
42.4%
IvoorkusCôte d'Ivoire
41.1%
AialanIreland
40.7%
Mông CổMongolia
39.4%
BirmanieBurma
38.8%
Kābo Berude (カーボ・ベルデ)Cabo Verde
37.8%
ChipreCyprus
36%
NýsælandNew Zealand
33.4%
KatarasQatar
33.4%
TanataCanada
32.5%
SeszeleSeychelles
30.9%
Fēilǜbīn (菲律賓/菲律宾)The Philippines
27.4%
EistlandEstonia
25.3%
MaorisMauritius
25.3%
VitrysslandBelarus
14.6%

You're not logged in!

Compare scores with friends on all Sporcle quizzes.
OR
Log In

You Might Also Like...

Show Comments

Extras

Top Quizzes Today


Score Distribution

Your Account Isn't Verified!

In order to create a playlist on Sporcle, you need to verify the email address you used during registration. Go to your Sporcle Settings to finish the process.

Report this User

Report this user for behavior that violates our Community Guidelines.

Details: